उपकार रेलवे भर्ती बोर्ड परीक्षा(टैक्नीकल कैडर): (Record no. 61464)

MARC details
000 -LEADER
fixed length control field 01475nam a22002417a 4500
005 - DATE AND TIME OF LATEST TRANSACTION
control field 20120125101049.0
008 - FIXED-LENGTH DATA ELEMENTS--GENERAL INFORMATION
fixed length control field 100209t xxu||||| |||| 00| 0 hin d
020 ## - INTERNATIONAL STANDARD BOOK NUMBER
Terms of availability 255.00
International Standard Book Number
035 ## - SYSTEM CONTROL NUMBER
System control number B-153595
037 ## - SOURCE OF ACQUISITION
Stock number
Source of stock number/acquisition UBH/VEN
040 ## - CATALOGING SOURCE
Original cataloging agency dpl
Language of cataloging Hindi
082 ## - DEWEY DECIMAL CLASSIFICATION NUMBER
Classification number 000
100 ## - MAIN ENTRY--PERSONAL NAME
Personal name जैन,लाल
9 (RLIN) 40116
245 ## - TITLE STATEMENT
Title उपकार रेलवे भर्ती बोर्ड परीक्षा(टैक्नीकल कैडर):
Remainder of title (डीजल मैकेनिकल, ...आदि परीक्षाओं के लिए) /
Statement of responsibility, etc लाल, जैन एवं इं.पी.के. विद्यार्थी
260 ## - PUBLICATION, DISTRIBUTION, ETC. (IMPRINT)
Place of publication, distribution, etc आगरा
Name of publisher, distributor, etc उपकार प्रकाशन
Date of publication, distribution, etc 2007
270 ## - ADDRESS
Address 2/11 ए, स्वदेशी बीमा नगर (शाह सिनेमा के सामने)
City आगरा
Postal code 282002
300 ## - PHYSICAL DESCRIPTION
Extent वि. पृ.
Dimensions 24सेमी.(अजिल्द)
700 ## - ADDED ENTRY--PERSONAL NAME
Personal name विद्यार्थी, पी.के.
9 (RLIN) 40117
700 ## - ADDED ENTRY--PERSONAL NAME
Personal name इं.पी.के. विद्यार्थी
9 (RLIN) 40118
942 ## - ADDED ENTRY ELEMENTS (KOHA)
Source of classification or shelving scheme Dewey Decimal Classification
Item type Hindi Books
Call number suffix जैनला
Classification part 000
Holdings
Withdrawn status Lost status Source of classification or shelving scheme Damaged status Not for loan Collection code Home library Current library Date acquired Cost, normal purchase price Total Checkouts Full call number Barcode Date last seen Cost, replacement price Koha item type
    Dewey Decimal Classification     Non-fiction Sarojini Nagar Sarojini Nagar 25/01/2012 255.00   000 जैनला B-153595 25/01/2012 255.00 Hindi Books

© Delhi Public Library
Hit Counter
free hit counter